000 00793nam a22002055i 4500
001 169012
003 ES-MaACL
005 20250516163847.0
008 080724s1912 fr |||| | fre d
080 _a782.089.6
100 1 _aLecocq, Charles (
_d1832-1918)
_9146777
245 1 3 _aLe petit duc [
_hmúsica impresa]
_b: opéra comique en trois actes /
_cparoles de Henri Meilhac et Ludovic Halévy ; musique de Charles Lecocq.
260 _aParis :
_bC. Joubert,
_c[1912]
300 _a1 partitura vocal (X, 298 p.) ;
_c28 cm.
650 1 4 _aÓperas-
_xPartituras vocales.
_9137997
700 1 _aMeilhac, Henri.
_9129795
700 1 _aHalévy, Ludovic,
_d1834-1908
_9240505
852 4 _aES-MaACL
_jL-29298
_9R.143688
_zBiblioteca Jacinto Martínez Lacalle
999 _c169012
_d169012